Statistics for Biggest cities in the Greater Region of Saarlorlux

Click here to take the quiz!

General Stats

  • This quiz has been taken 16 times
  • The average score is 14 of 24

Answer Stats

COUNTRYPOPULATIONCITY% Correct
LU181,764Luxembourg
100%
DE110,570Trier
93%
BE202,421Charleroi
87%
BE195,278Liège
87%
BE112,559Namur
80%
DE179,634Saarbrücken
80%
DE217,556Mainz
73%
FR118,489Metz
73%
LU93,908Esch-sur-Alzette
67%
DE113,638Koblenz
67%
FR105,058Nancy
67%
BE96,545Mons
60%
DE83,85Worms
60%
DE50,565Speyer
53%
DE99,292Kaiserslautern
47%
DE51,695Bad Kreuznach
40%
DE172,145Ludwigshafen am Rhein
40%
DE53,491Neustadt an der Weinstraße
40%
BE55,102Verviers
40%
BE80,992La Louvière
27%
BE68,518Tournai
27%
DE65,137Neuwied
20%
BE63,926Seraing
20%
BE59,179Mouscron
13%

Score Distribution

Percentile by Number Answered

Percent of People with Each Score

Your Score History

You have not taken this quiz